000
00250nam a2200097Ia 4500
001
680016
005
20250826161333.0
008
250824s9999 xx 000 0 und d
245
0
_a
NASRETTİN HOCA EĞLENCE KÖYÜ
_c
NURAN TURAN
260
_b
ERDEM ÇOCUK
999
_c
680016
_d
680016